| 000 | 00645nam a22002177a 4500 | ||
|---|---|---|---|
| 003 | DO-SdBNP | ||
| 005 | 20220127091451.0 | ||
| 007 | ta | ||
| 008 | 210805b 2021 dr 00| 0 eng d | ||
| 020 | _a9789945618310 | ||
| 040 |
_aDO-SdBNP _bspa _cBNPHU |
||
| 100 | 1 |
_aGarcía, Franz, _d1973- _979402 |
|
| 245 | 1 | 0 |
_aVamos por partes / _cFranz García ; prólogo : Miguel Yarull |
| 246 | 1 | 0 |
_aVamos por partes : _brelatos reunidos. |
| 260 |
_aSanto Domingo : _bAmigo del Hogar, _c2021. |
||
| 300 |
_a200 p. ; _c21 cm. |
||
| 590 | _aInventariado, 2021 /LP | ||
| 700 | 1 |
_aYarull, Miguel, _eprólogo _979089 |
|
| 910 | _aLopérez | ||
| 942 |
_2ddc _cLBS1 |
||
| 999 |
_c50182 _d50182 |
||